000
00320nam a22001337a 4500
008
180119b xxu||||| |||| 00| 0 eng d
020
_a
9780756689001
041
_a
eng
080
_a
2
100
_a
24
101
_a
TEO
245
_a
The vatican secrects and treasures of the holy city
_c
Collins,F.M
942
_2
udc
_c
BK
999
_c
40599
_d
40599